Remote sensing and Hydrology
Guardat en:
| Autors principals: | , |
|---|---|
| Format: | Llibre |
| Idioma: | anglès |
| Publicat: |
Wallingford
IAHS Publication
2012
|
| Edició: | 1a. ed |
| Col·lecció: | IAHS, 352
|
| Matèries: | |
| Etiquetes: |
Afegir etiqueta
Sense etiquetes, Sigues el primer a etiquetar aquest registre!
|
MARC
| LEADER | 00000cam a2200000 a 4500 | ||
|---|---|---|---|
| 001 | UCC2084 | ||
| 003 | CL-VaPUC | ||
| 008 | 171230e20120000uk |||||||||||||||||eng|d | ||
| 020 | |a 9781907161278 | ||
| 082 | 0 | 4 | |a 621.3678 |b NEA |2 21 |
| 100 | |a Neale, Christopher M. U. |e author |9 596222 | ||
| 700 | 0 | |a Cosh, Michael H |e author |9 596223 | |
| 245 | 1 | 0 | |a Remote sensing and Hydrology |
| 250 | |a 1a. ed | ||
| 300 | |a 476 p | ||
| 942 | |c BK | ||
| 945 | |d 20171230 00:11:00 |a dcastane | ||
| 260 | |a Wallingford |b IAHS Publication |c 2012 | ||
| 650 | 7 | |a SENSORES REMOTOS |2 CL-VaPUC |9 463693 | |
| 650 | 0 | |a Hidrología |9 261396 | |
| 650 | 0 | |a Proceso de datos |9 259776 | |
| 583 | |a last modification |c 20171230 00:11:00 |k Rodrigo Vera | ||
| 490 | 0 | |a IAHS, 352 | |
| 999 | |c 370373 |d 370371 | ||
| 952 | |0 0 |1 0 |3 erb |4 0 |6 621_367800000000000_NEA_2012 |7 0 |8 A |9 486791 |a BIBING |b BIBING |i 544540K |o 621.3678 NEA 2012 |p 544540K |r 2025-01-20 |w 2019-11-24 |y BK |z Catalogado en:20171230 |k ING | ||